header

The respectful school (Record no. 179231)

MARC details
000 -LEADER
fixed length control field 01225nam a2200289Ia 4500
100 1# - MAIN ENTRY--AUTHOR NAME
Personal name Wessler, Stephen.
245 14 - TITLE STATEMENT
Title The respectful school
260 ## - PUBLICATION, DISTRIBUTION, ETC. (IMPRINT)
Place of publication Alexandria, Va. :
Name of publisher Association for Supervision & Curriculum Development,
Year of publication 2003.
300 ## - PHYSICAL DESCRIPTION
Number of Pages 146 p.
650 #0 - SUBJECT ADDED ENTRY--TOPICAL TERM
Topical Term School violence
Topical Term Bullying in schools
Topical Term School environment
700 1# - ADDED ENTRY--PERSONAL NAME
Personal name Preble, William,
856 40 - ELECTRONIC LOCATION AND ACCESS
Uniform Resource Identifier http://site.ebrary.com/lib/rucke/Doc?id=10044773

No items available.

© 2026 Rongo University
Contact us: librarian | system librarian | Rongo university